000 02598nam a2200265Ia 4500
003 OSt
005 20210827111852.0
008 210310s1985 ck fr 000 0dspa d
020 _a9586080250
040 _aCO-JMCR
_cCO-JMCR
041 0 _aspa
082 0 4 _a340.0285 /
_bJ826i
_223
100 1 _aJordán Flórez, Fernando,
_917262
_eautor
245 1 3 _aLa informática jurídica :
_b(teoría y práctica) /
_cFernando Jordán Flórez
250 _aSegunda edición
260 _aBogotá :
_bUniversidad Piloto de Colombia,
_c1985
300 _a212 páginas ;
_c24 cm.
500 _aIncluye notas a pie de página y datos biográficos del autor.
504 _aBibliografía: páginas 173-176
505 0 _aLa información -- La cibernética -- La informática -- La informática jurídica -- Un sistema de informática normativa -- Sistemas de información para oficinas jurídicas -- La sistematización en jurídica -- La experiencia colombiana (1972-1981) un recuento histórico
520 3 _aLa informática jurídica, encuentra su razón de ser, en varios planos complementarios: uno, en el del desarrollo de la integración de las diferentes ciencias, en un esfuerzo por satisfacer necesidades actuales de la sociedad, como es el caso del Derecho, y el de la Ingeniería de Sistemas. Otro, en el plano de las necesidades y demandas concretas del Derecho, para la racionalización de la información que dentro de su propio espacio, se produce y se utiliza, y por último, en el plano de la democracia, dentro del cual se propende por el respeto al derecho a la información. En otros términos, este texto tiene como objetivo la conceptualización de la Informática, y el diseño de elementos instrumentales que hagan posible el manejo, acceso y difusión de la Información Jurídica, así como el diseño de métodos que participen en el proceso de gestión en lo jurídico. El desarrollo temático se hace partiendo de lo general a lo particular. De ahí que se inicie con el concepto de información, para señalar su relación con la Cibernética, en la medida que ella constituya un elemento fundamental en los procesos de decisión, los cuales son el objeto de trabajo de aquella para hacer más eficaz la acción; y a partir de esta última, encontrar su razón de ser como objeto de conocimiento de la Informática. Finalmente se incluye un Apéndice que recoge las preocupaciones y tesis del autor en relación con "El Estado, el Derecho y la Informática".
650 1 4 _aTeoría de la información en derecho
_917264
650 2 4 _aDerecho
_939765
942 _2ddc
_cBK
999 _c8435
_d8435